LEADER 01788nam a2200349 4500 001 000000331225 003 CaOOAMICUS 005 20181116140606.0 008 181116s2018 it 000 u ita r 020 $a978-88-940727-4-7 040 $aSeMil$bita 100 1 $aLiddy, Richard M.$0(OLS)http://semarc/name/108499 245 10$aConoscenza e azioni dell'intelletto :$bla conversione intellettuale nel primo Lonergan /$cRichard M. Liddy ; prefazione di Pierpaolo Triani ; introduzione di Graziano Biraghi ; traduzione di Maria Cristina Pessa, Nadia Bettin e Alessia Sambo. 264 1$aRoma :$bE.CO.GE.S.E.S.,$c2018. 300 $a359 p. ;$c21 cm 490 1 $aAimc-Ecogeses ;$v5 500 $aDedica 541 1 $aFondo Mons. Mario Delpini 600 14$aLonergan, Bernard J.F. <1904-1984>.$0(OLS)http://semarc/subject/8460 700 1 $aSambo, Alessia,$ecollaboratore.$0(OLS)http://semarc/name/108503 700 1 $aTriani, Pierpaolo,$d<1965- >,$eautore di introduzione.$0(OLS)http://semarc/name/53636 700 1 $aPessa, Maria Cristina,$etraduttore.$0(OLS)http://semarc/name/108501 700 1 $aBiraghi, Graziano,$eautore di introduzione.$0(OLS)http://semarc/name/108500 700 1 $aBettin, Nadia,$ecollaboratore.$0(OLS)http://semarc/name/108502 830 0$aAimc-Ecogeses ;$v5.$0(OLS)http://semarc/title/419868 850 $aSeMil 852 $aSeMil$W1$xVenegono$y1$m2P VII 292$j211032$B224712$CSeMilBibl$Z2$F224712 $81 941 1 $a7 996 $6020$a978-88-940727-4-7$9(OLS)http://semarc/number/285610 996 $6245$aConoscenza e azioni dell'intelletto :$bla conversione intellettuale nel primo Lonergan$9(OLS)http://semarc/title/419922 996 $6264$aRoma :$bE.CO.GE.S.E.S.$9(OLS)http://semarc/publisher/58003 LEADER 01116nam a2200253 i 4500 001 000000019947 003 CaOOAMICUS 005 20210222110106.0 008 180830s1956 fr u000 u und u 040 $aSeMil$bita 100 1 $aLas Cases, Emmanuel-Augustin-Dieudonne : comte de.$0(OLS)http://semarc/name/8912 245 13$aLe mémorial de Sainte-Hélène /$cle comte de Las Cases ; avant-propos d' André Maurois ; introduction de Jean Prévost ; texte établi et commenté par Gérard Walter. 260 $aParis :$bGallimard,$c1956- 300 $a2 v. ;$c18 cm. 500 $aFondo Ciprandi. 700 1 $aWalter, Gérard.$0(OLS)http://semarc/name/7576 700 1 $aMaurois, André,$d<1885-1967>.$0(OLS)http://semarc/name/6962 774 0 $t1.$kBibliothèque de la Pléiade$w()174169 774 0 $t2.$kBibliothèque de la Pléiade$w()38164 830 0$aBibliothèque de la Pléiade.$0(OLS)http://semarc/title/42418 941 1 $a1 996 $6245$aLe mémorial de Sainte-Hélène$9(OLS)http://semarc/title/26253 996 $6260$aParis :$bGallimard$9(OLS)http://semarc/publisher/29952